Online Catalogue and eLibrary

BIAS : (Record no. 5729)

MARC details
000 -LEADER
fixed length control field 00469nam a2200169Ia 4500
005 - DATE AND TIME OF LATEST TRANSACTION
control field 20240627034517.0
008 - FIXED-LENGTH DATA ELEMENTS--GENERAL INFORMATION
fixed length control field 240331s9999 xx 000 0 und d
020 ## - INTERNATIONAL STANDARD BOOK NUMBER
ISBN 9789380946153
082 ## - DDC Classification
Item Number - Author Mark EPI
Class No. 121
245 #0 - TITLE STATEMENT
Title BIAS :
Remainder of title Epistemological Bias in the Physical and Social Sciences
260 ## - PUBLICATION, DISTRIBUTION, ETC.
Place of publication, distribution, etc. New Delhi
Name of publisher, distributor, etc. Al Ittehad Publications Pvt. Ltd
300 ## - PHYSICAL DESCRIPTION
Extent (e.g. Volumes, Pages etc.) 308 p .,
650 ## - SUBJECT ADDED ENTRY--TOPICAL TERM
Topical term or geographic name entry element Physical
650 ## - SUBJECT ADDED ENTRY--TOPICAL TERM
Topical term or geographic name entry element Social Sciences
700 ## - ADDED ENTRY--PERSONAL NAME
Personal name Elmessiri,M.A.
Relator term (Role) Editor
942 ## - Koha item type (Biblio)
Koha item type Books in Stacks (Lending)
Holdings
Lost status Damaged status Collection code Home library Current library Shelving location Date acquired Full call number Accession Number Item type
    Lending WERC Library WERC Library Social Science Cupboard 03/31/2024 121 EPI 6677 Books in Stacks (Lending)

© WERC Library